Vom Totenbaum zum Designersarg : zur Kulturgeschichte des Sarges von der Antike bis zur Gegenwart /

Guardado en:
Detalles Bibliográficos
Formato: Libro
Idioma:Alemán
Publicado: Kassel, Alemania : Arbeitsgemeinschaft Friedhof und Denkmal, 1994, c1993
Etiquetas: Agrega una etiqueta
Sin etiquetas, Sé el primero en etiquetar este registro!

MARC

LEADER 00000nam^a2200000^a^4500
001 000583275
005 20250526000000.0
009 20260310132647.091
020 |a 3-924-447-08-X 
037 |a Acervo ITESO - Biblioteca 
041 |a ALE 
091 |a FCO. 00264 
245 0 0 |a Vom Totenbaum zum Designersarg :  |b zur Kulturgeschichte des Sarges von der Antike bis zur Gegenwart / 
264 4 |a Kassel, Alemania :  |b Arbeitsgemeinschaft Friedhof und Denkmal,  |c 1994, c1993 
300 |a 188 p. ;  |c 27.0 cm. 
336 |a texto  |b txt  |2 rdacontenido 
337 |a sin mediación  |b n  |2 rdamedio 
338 |a volumen  |b nc  |2 rdasoporte 
649 |a XX 
910 |a Fondo Erich Coufal Kieswetter 
920 |a Impresos - Libros 
930 |a Libros Antiguos y Raros 
905 |a 142 
901 |a 0500411824  |b IT2  |c LRA  |i D  |u 20250526 
902 |a https://opac.biblio.iteso.mx/vufind/Record/000583275